000
00431nam a2200145Ia 4500
008
100204s9999 xx 000 0 und d
082
_b
13523
100
_a
पंडित बाळ ज.
245
_a
क्रिकेट
260
_b
"मीनल प्रकाशन , कोल्हापूर"
_c
1990
300
_a
142
630
_a
क्रिकेट
730
_a
क्रिकेट
942
_c
BOOK
999
_c
457955
_d
457952